LEADER 00931nam0-22002891i-450- 001 990002059160403321 005 20090429132451.0 035 $a000205916 035 $aFED01000205916 035 $a(Aleph)000205916FED01 035 $a000205916 100 $a20030910d1899----km-y0itay50------ba 101 0 $ager 200 1 $a<>Schädlinge des Obst- und Weinbaues$eein Volksbuch für Jung und Alt, zur Kenntnis und erfolgreichen Abwehr des verbreitetsten Ungeziefers$fHeinrich von Schilling 205 $a2. 210 $aFrankfurt$cTrowitzsch$d1899 215 $a58 p., 2 tv. col.$d24 cm 610 0 $aFrutteti$aInsetti dannosi 676 $a634 700 1$aSchilling,$bHeinrich von$f<1849- >$087877 801 0$aIT$bUNINA$gRICA$2UNIMARC 901 $aBK 912 $a990002059160403321 952 $a61 IX C.2/24$b476$fDAGEN 959 $aDAGEN 996 $aSchädlinge des Obst- und Weinbaues$9393267 997 $aUNINA LEADER 00793nam0-2200289---450- 001 990008211080403321 005 20051024115906.0 035 $a000821108 035 $aFED01000821108 035 $a(Aleph)000821108FED01 035 $a000821108 100 $a20051024d1954----km-y0itay50------ba 101 0 $aita 102 $aIT 105 $aa-------001yy 200 1 $aAfrica$egenti e culture$fRaffaello Battaglia 210 $aRoma$cIstituto Italiano per l'Africa$dstampa 1954 215 $a102 p., 14 c.$cill.$d22 cm 610 0 $aAfrica 700 1$aBattaglia,$bRaffaello$f<1896-1958>$083384 801 0$aIT$bUNINA$gRICA$2UNIMARC 901 $aBK 912 $a990008211080403321 952 $aJ-07-002$bIst. 7529$fILFGE 959 $aILFGE 996 $aAfrica$9739722 997 $aUNINA